000 00833nam a2200265Ia 4500
003 OSt
005 20221005082324.0
006 a|||||r|||| 00| 0
007 ta
008 221004b |||||||| |||| 00| 0 eng d
020 _a9788183871891 (hbk)
_c500
024 _a98878
037 _b068, 13/11/2009, Independent Publishers Group
_cTextual
040 _aCRL
_cCRL
_beng
041 _2eng
_aeng
082 _aL9F:5, P9
100 _aS.K. Singh
_9611811
245 0 _aHealth care for women and girl children
260 _aNew Delhi
_bSerials Publications India
_c2009
300 _aviii, 171p.
_ccm.
650 _aMEDICINE
700 _a Awadhesh Kr. Singh
_9611812
942 _hL9F:5, P9
_cTEXL
_2cc
999 _c989137
_d989137